[Event "Montigny le Bretonneux op 20th"]
[Site "Montigny le Bretonneux"]
[Date "2022.10.27"]
[Round "6"]
[White "Marillonnet, Paul"]
[Black "Danek, Victor"]
[Result "1-0"]
[WhiteElo "1278"]
[BlackElo "1342"]
[PlyCount "45"]
[EventDate "2022.10.22"]
[EventType "swiss"]
[EventRounds "9"]
[EventCountry "FRA"]
[SourceTitle "EXT 2024"]
[Source "ChessBase"]
[SourceDate "2023.10.10"]
[SourceVersion "1"]
[SourceVersionDate "2023.10.10"]
[SourceQuality "1"]

1. d4 d5 2. c4 e6 3. Nc3 Nf6 4. Bg5 Nbd7 5. Nf3 Be7 6. e3 0-0 7. Bd3 Re8 8. Rc1 Nf8 9. 0-0 Ng6 10. Qc2 a6 11. cxd5 exd5 12. Ne2 c6 13. Nf4 Qc7 14. Bxf6 Bxf6 15. Nxd5 Qd6 16. Nxf6+ Qxf6 17. Rfe1 Bg4 18. Ne5 Be6 19. Nxg6 fxg6 20. Bf1 Bxa2 21. b3 Bxb3 22. Qxb3+ Qf7 23. Bc4 1-0

[Event "Montigny le Bretonneux op 20th"]
[Site "Montigny le Bretonneux"]
[Date "2022.10.23"]
[Round "2"]
[White "Marillonnet, Paul"]
[Black "Mouton, Galina"]
[Result "0-1"]
[WhiteElo "1278"]
[BlackElo "1406"]
[PlyCount "118"]
[EventDate "2022.10.22"]
[EventType "swiss"]
[EventRounds "9"]
[EventCountry "FRA"]
[SourceTitle "EXT 2024"]
[Source "ChessBase"]
[SourceDate "2023.10.10"]
[SourceVersion "1"]
[SourceVersionDate "2023.10.10"]
[SourceQuality "1"]

1. d4 Nf6 2. c4 d6 3. Nc3 g6 4. Nf3 Bg7 5. Bg5 0-0 6. e3 Nbd7 7. Bd3 c5 8. 0-0 h6 9. Bh4 b6 10. Rc1 Bb7 11. d5 e6 12. Bb1 e5 13. Ne4 Qc7 14. Nfd2 Nxe4 15. Nxe4 f5 16. Nc3 a6 17. f3 g5 18. Be1 Rf6 19. Ne2 Raf8 20. Bc3 R6f7 21. Qc2 Bh8 22. Rf2 Nf6 23. Qxf5 Nxd5 24. Qg6+ Rg7 25. Qe6+ Qf7 26. Qxf7+ Rgxf7 27. cxd5 g4 28. f4 b5 29. a3 Bg7 30. Rcf1 Bxd5 31. fxe5 dxe5 32. Rxf7 Bxf7 33. Rf5 Re8 34. Rf2 h5 35. Bh7+ Kxh7 36. Rxf7 Kh6 37. e4 Kg6 38. Rf5 Bf6 39. h3 gxh3 40. gxh3 h4 41. Kf2 Bg7 42. Kf3 c4 43. Kg4 Rf8 44. Rxf8 Bxf8 45. Bxe5 Be7 46. Nf4+ Kh6 47. Ng2 a5 48. Ne3 Bc5 49. Kxh4 Bxe3 50. Kg4 Kh7 51. Bd6 Bd4 52. e5 Bxb2 53. e6 Kg7 54. e7 Kf7 55. h4 Bf6 56. Kh5 Bxe7 57. Bxe7 Kxe7 58. Kh6 c3 59. h5 c2 0-1

[Event "Montigny le Bretonneux op 20th"]
[Site "Montigny le Bretonneux"]
[Date "2022.10.22"]
[Round "1"]
[White "Ascencio Parvy, Joseph"]
[Black "Marillonnet, Paul"]
[Result "1-0"]
[WhiteElo "1650"]
[BlackElo "1278"]
[PlyCount "123"]
[EventDate "2022.10.22"]
[EventType "swiss"]
[EventRounds "9"]
[EventCountry "FRA"]
[SourceTitle "EXT 2024"]
[Source "ChessBase"]
[SourceDate "2023.10.10"]
[SourceVersion "1"]
[SourceVersionDate "2023.10.10"]
[SourceQuality "1"]

1. e4 c5 2. c4 Nc6 3. Ne2 e6 4. d4 cxd4 5. Nxd4 Nge7 6. Nb5 Ng6 7. Nd6+ Bxd6 8. Qxd6 Qa5+ 9. Bd2 Qe5 10. Qxe5 Ncxe5 11. Bc3 0-0 12. Be2 b6 13. h4 f6 14. g3 Ne7 15. f4 N5c6 16. Nd2 e5 17. 0-0-0 Bb7 18. Nb3 Rfd8 19. Rhe1 exf4 20. gxf4 Ng6 21. Bg4 Nxf4 22. Rf1 Ne6 23. Rxd7 Rxd7 24. Bxe6+ Rf7 25. Bxf7+ Kxf7 26. e5 Re8 27. exf6 gxf6 28. Bxf6 Re4 29. Nd2 Re6 30. Bc3+ Ke7 31. Rg1 Rg6 32. Rxg6 hxg6 33. Nf3 Nd8 34. Ne5 Be4 35. Kd2 Ke6 36. Ke3 Bb1 37. a3 Nb7 38. Nc6 a6 39. Kf4 Nd6 40. Ne5 Ne4 41. Bd4 Nc5 42. Kg5 Kd6 43. Kh6 b5 44. cxb5 axb5 45. Nxg6 Ne6 46. Bf6 Kd7 47. Ne7 Ke8 48. Nd5 Kf7 49. Be5 Nf8 50. Nc3 Bd3 51. a4 bxa4 52. Nxa4 Ng6 53. Bg3 Kf6 54. Nc3 Kf5 55. h5 Nf4 56. Bxf4 Kxf4 57. Kg7 Ke5 58. h6 Kd4 59. h7 Bxh7 60. Kxh7 Kc4 61. Kg6 Kb3 62. Nd1 1-0